[Event "TCh-HUN 2012-13"]
[Site "Paks HUN"]
[Date "2012.12.02"]
[Round "5"]
[White "Erdos,V"]
[Black "Perunovic,Mil"]
[Result "1/2-1/2"]
[WhiteTitle "GM"]
[BlackTitle "GM"]
[WhiteElo "2643"]
[BlackElo "2614"]
[WhiteTeam "ASS-Makoi SVSE"]
[BlackTeam "ASE Paks"]
[WhiteFideId "719978"]
[BlackFideId "921629"]
[EventDate "2012.09.16"]
[EventType "team-tourn"]

1. c4 c5 2. g3 Nf6 3. Bg2 d5 4. cxd5 Nxd5 5. Nc3 Nc7 6. Nf3 Nc6 7. O-O e5 8. a3
Rb8 9. Rb1 f6 10. d3 Be6 11. Be3 Qd7 12. Nd2 b6 13. f4 exf4 14. Bxf4 Rc8 15. Qa4
Nd5 16. Nxd5 Bxd5 17. Bxd5 Qxd5 18. Nf3 Be7 19. Rfc1 1/2-1/2

[Event "TCh-HUN 2012-13"]
[Site "Paks HUN"]
[Date "2012.12.02"]
[Round "5"]
[White "Saric,S"]
[Black "Papp,Ga"]
[Result "1/2-1/2"]
[WhiteTitle "IM"]
[BlackTitle "GM"]
[WhiteElo "2418"]
[BlackElo "2571"]
[WhiteTeam "ASS-Makoi SVSE"]
[BlackTeam "ASE Paks"]
[WhiteFideId "925071"]
[BlackFideId "718602"]
[EventDate "2012.09.16"]
[EventType "team-tourn"]

1. d4 Nf6 2. c4 e6 3. Nc3 Bb4 4. Qc2 O-O 5. e4 d5 6. e5 Ne4 7. Bd3 c5 8. Nf3
cxd4 9. Nxd4 Nd7 10. Bf4 Qh4 11. g3 Qh3 12. O-O-O Nxc3 13. bxc3 Ba3+ 14. Kb1 Nb6
15. Bf1 Qh5 16. Be2 Qg6 17. Bd3 Qh5 18. Be2 Qg6 19. Bd3 Qh5 20. Be2 1/2-1/2

[Event "TCh-HUN 2012-13"]
[Site "Paks HUN"]
[Date "2012.12.02"]
[Round "5"]
[White "Szabo,Krisz1"]
[Black "Balla,Ta"]
[Result "1-0"]
[WhiteTitle "GM"]
[BlackTitle "FM"]
[WhiteElo "2541"]
[BlackElo "2381"]
[WhiteTeam "ASE Paks"]
[BlackTeam "ASS-Makoi SVSE"]
[WhiteFideId "722901"]
[BlackFideId "1208497"]
[EventDate "2012.09.16"]
[EventType "team-tourn"]

1. e4 g6 2. d4 Bg7 3. Nc3 c6 4. f4 d5 5. e5 Nh6 6. Nf3 O-O 7. Bd3 f6 8. h3 Bf5
9. g4 Bxd3 10. Qxd3 fxe5 11. dxe5 e6 12. Be3 b6 13. O-O-O c5 14. Ne4 Nc6 15.
Neg5 Qe8 16. Kb1 Nb4 17. Qe2 d4 18. Bd2 Nd5 19. Qe4 Rc8 20. Rhg1 Qc6 21. Rde1
Ne7 22. Qe2 Nd5 23. Qh2 Nf7 24. h4 Nxg5 25. hxg5 Ne7 26. Rg3 Kf7 27. Rh3 Rh8 28.
Bc1 Rcf8 29. Nd2 Ke8 30. Ne4 Kd8 31. Rxh7 Qd5 32. Nd6 Kd7 33. Rd1 Qf3 34. Rd3
Qxg4 35. Rdh3 Rxh7 36. Rxh7 Rg8 37. Qh1 Nd5 38. Qh6 d3 39. Rxg7+ Rxg7 40. Qxg7+
Ne7 41. Qh8 dxc2+ 1-0

[Event "TCh-HUN 2012-13"]
[Site "Paks HUN"]
[Date "2012.12.02"]
[Round "5"]
[White "Gyorkos,L"]
[Black "Nagy,Danie"]
[Result "1/2-1/2"]
[WhiteTitle "IM"]
[BlackTitle "FM"]
[WhiteElo "2381"]
[BlackElo "2226"]
[WhiteTeam "ASE Paks"]
[BlackTeam "ASS-Makoi SVSE"]
[WhiteFideId "700967"]
[BlackFideId "724009"]
[EventDate "2012.09.16"]
[EventType "team-tourn"]

1. Nf3 Nf6 2. g3 g6 3. Bg2 Bg7 4. O-O O-O 5. d4 d6 6. b3 c5 7. c4 Nc6 8. Bb2 Bd7
9. d5 Nb4 10. Nc3 Ne4 11. Qc1 Nxc3 12. Bxc3 Bxc3 13. Qxc3 b5 14. h4 bxc4 15.
bxc4 Bg4 16. Rfb1 Qc7 17. Nh2 Bd7 18. h5 Rab8 19. Rc1 Rb6 20. Qe3 e5 21. dxe6
Bxe6 22. hxg6 hxg6 23. Nf3 Qe7 24. Ng5 Re8 25. Qf4 Kg7 26. Qd2 Nc6 27. Ne4 Ne5
28. Rd1 Nxc4 29. Qc3+ f6 30. g4 d5 31. Ng3 d4 32. Qc1 Ne5 33. Ne4 Bxg4 34. Qxc5
d3 35. exd3 Qxc5 36. Nxc5 Bxd1 37. Rxd1 Rd8 38. d4 Kf7 39. Nb3 Ra6 40. Rc1 Nd7
41. Rc7 Kg8 42. a4 Rd6 43. Rxa7 Rb8 44. Bb7 Kf8 45. a5 Ke8 46. Kg2 Kd8 47. d5
Rxb7 48. Rxb7 Rxd5 49. a6 Kc8 50. Rb4 Rd6 51. Nc5 Nxc5 52. a7 Ra6 53. Rb8+ Kd7
54. a8=Q Rxa8 55. Rxa8 Ke6 56. Kf3 Nd3 57. Ke3 Ne5 58. f4 Ng4+ 59. Ke4 Nh6 60.
Ra6+ Kf7 61. Kd5 f5 62. Kd6 Ng4 63. Ra7+ Kf6 64. Kd7 Kf7 65. Kd6+ Kf6 66. Re7
Nf2 67. Re3 Kf7 68. Rb3 Kf6 69. Kd5 Ng4 70. Rb6+ Kf7 71. Kd4 Nh6 72. Ke3 Ng8 73.
Kf3 Ne7 74. Kg3 Nd5 75. Ra6 Nc3 76. Kf2 Ne4+ 77. Ke3 g5 78. fxg5 Nxg5 79. Kf4
Ne6+ 80. Ke5 Ng7 81. Rh6 Ke7 82. Rf6 Ne8 83. Ra6 Kd7 84. Kxf5 Nc7 85. Rh6 Ne8
86. Ke5 Nc7 87. Rd6+ Ke7 1/2-1/2

[Event "TCh-HUN 2012-13"]
[Site "Paks HUN"]
[Date "2012.12.02"]
[Round "5"]
[White "Zakarias,D"]
[Black "Antal,T"]
[Result "1-0"]
[BlackTitle "FM"]
[WhiteElo "2213"]
[BlackElo "2333"]
[WhiteTeam "ASS-Makoi SVSE"]
[BlackTeam "ASE Paks"]
[WhiteFideId "718378"]
[BlackFideId "738581"]
[EventDate "2012.09.16"]
[EventType "team-tourn"]

1. d4 d5 2. Bf4 Nf6 3. e3 e6 4. Nf3 c5 5. c3 Nc6 6. Nbd2 Be7 7. Ne5 Nd7 8. Ndf3
Ncxe5 9. Nxe5 Nxe5 10. Bxe5 O-O 11. Bd3 Bd6 12. Bg3 f5 13. O-O b6 14. Qf3 Bb7
15. Rfe1 g5 16. Bxd6 Qxd6 17. Qg3 Qxg3 18. hxg3 Rf6 19. Rad1 Kf7 20. f3 Re8 21.
b4 e5 22. dxe5 Rxe5 23. f4 gxf4 24. gxf4 Re7 25. Kf2 Rd7 26. Rh1 Ke6 27. bxc5
bxc5 28. Rh5 Rg7 29. Rdh1 d4 30. Rg5 dxe3+ 31. Kxe3 Rxg5 32. fxg5 Rf7 33. Kf4
Bd5 34. Rh6+ Ke7 35. Ra6 Kf8 36. g3 Kg7 37. Bxf5 Bc4 38. Ra5 Rc7 39. Ke5 a6 40.
Kd6 Rf7 41. g4 Rb7 42. Kxc5 Be2 43. Kd4 Rb2 44. Rc5 Rxa2 45. Rc7+ Kf8 46. Ke5
Bb5 47. Rxh7 Re2+ 48. Kf6 Bc4 49. Rc7 Bg8 50. g6 1-0

[Event "TCh-HUN 2012-13"]
[Site "Paks HUN"]
[Date "2012.12.02"]
[Round "5"]
[White "Vajda,S"]
[Black "Erdos,B"]
[Result "1/2-1/2"]
[WhiteTitle "IM"]
[WhiteElo "2362"]
[BlackElo "2176"]
[WhiteTeam "ASE Paks"]
[BlackTeam "ASS-Makoi SVSE"]
[WhiteFideId "723894"]
[BlackFideId "727458"]
[EventDate "2012.09.16"]
[EventType "team-tourn"]

1. e4 c5 2. Nf3 g6 3. c3 d5 4. exd5 Qxd5 5. d4 Bg7 6. dxc5 Qxc5 7. Be3 Qc7 8.
Na3 a6 9. Nc4 Nd7 10. a4 b6 11. a5 bxa5 12. Be2 Nh6 13. Qd2 Nf5 14. Rxa5 Nxe3
15. Qxe3 Rb8 16. Rd5 O-O 17. Qxe7 Qb7 18. Rd2 Nf6 19. Qxb7 Bxb7 20. O-O Ne4 21.
Rc2 Nc5 22. Nd6 Bc6 23. Nd4 Ba4 24. Rd2 Bh6 25. f4 Rfd8 26. b4 Rxd6 27. bxc5 Rd5
28. Ra2 Bb5 29. Bxb5 axb5 30. c6 Rc5 31. Ra7 Rc8 32. g3 Bg7 33. c7 Bxd4+ 34.
cxd4 R5xc7 35. Rxc7 Rxc7 36. Rb1 Rb7 1/2-1/2

[Event "TCh-HUN 2012-13"]
[Site "Budapest HUN"]
[Date "2012.12.02"]
[Round "5"]
[White "Szamoskozi,G"]
[Black "Ilincic,Z"]
[Result "1/2-1/2"]
[WhiteTitle "FM"]
[BlackTitle "GM"]
[WhiteElo "2368"]
[BlackElo "2450"]
[WhiteTeam "BEAC I."]
[BlackTeam "MLTC"]
[WhiteFideId "719056"]
[BlackFideId "900346"]
[EventDate "2012.09.16"]
[EventType "team-tourn"]

1. e4 c5 2. Nf3 d6 3. d4 cxd4 4. Nxd4 Nf6 5. Nc3 a6 6. Be2 h5 7. Bg5 Qa5 8. Qd2
e6 9. h3 Nc6 10. Nxc6 bxc6 11. O-O Qb6 12. a3 e5 13. b4 Be6 14. Rab1 Be7 15.
Rfd1 Rd8 16. Qd3 Bc8 17. a4 g6 18. b5 axb5 19. axb5 Kf8 20. Be3 Qc7 21. bxc6
Qxc6 22. Rb6 Qa8 23. Bg5 Kg7 24. Qf3 Qa3 25. Rb3 Qc5 26. Be3 Qc6 27. Bb5 Qa8 28.
Bb6 Rdf8 29. Bc7 Be6 30. Nd5 Nxd5 31. exd5 Bf5 32. Rc3 h4 33. Bd3 Bxd3 34. Qxd3
Rc8 35. Rc6 Rhe8 36. Bxd6 Rxc6 37. dxc6 Qxc6 38. Bxe5+ Bf6 39. Bxf6+ Qxf6 40. c4
Rc8 41. Qd5 Rb8 42. Kf1 Rb2 43. Qd4 Qxd4 44. Rxd4 g5 45. Rg4 Kg6 46. f4 f6 47.
fxg5 fxg5 48. Ke1 Ra2 49. Kd1 Ra5 50. Kc2 Kf6 51. Kc3 Ke6 52. Kd4 Kd6 53. Re4
Rf5 54. Rg4 Ra5 55. Kc3 Kc6 56. Rd4 Ra2 57. Rd2 Ra3+ 58. Kd4 Rg3 59. Rc2 g4 60.
hxg4 Rxg4+ 61. Ke5 Rg3 62. Kf4 Kc5 63. Ke4 h3 64. gxh3 Rxh3 1/2-1/2

[Event "TCh-HUN 2012-13"]
[Site "Budapest HUN"]
[Date "2012.12.02"]
[Round "5"]
[White "Fogarasi,T"]
[Black "To,N"]
[Result "1/2-1/2"]
[WhiteTitle "GM"]
[BlackTitle "IM"]
[WhiteElo "2407"]
[BlackElo "2282"]
[WhiteTeam "MLTC"]
[BlackTeam "BEAC I."]
[WhiteFideId "700363"]
[BlackFideId "729019"]
[EventDate "2012.09.16"]
[EventType "team-tourn"]

1. e4 e6 2. d4 d5 3. Nc3 Bb4 4. exd5 exd5 5. Bd3 Nc6 6. a3 Bxc3+ 7. bxc3 Nge7 8.
Qf3 Be6 9. Ne2 Qd7 10. a4 O-O 11. O-O Bg4 12. Qg3 Bxe2 13. Bxe2 Na5 14. Bd3 Nc4
15. h4 Rfe8 16. h5 Nd6 17. h6 Nef5 18. Qg4 g6 19. Bf4 Ne4 20. Ra3 Qe7 21. Rb3
Nfd6 22. f3 f5 23. Qh3 Ng5 24. Qg3 Ngf7 25. Rbb1 Qf6 26. Rfe1 Re6 27. Rxe6 Qxe6
28. Re1 Qd7 29. a5 Re8 30. Rxe8+ Qxe8 31. Qh4 Qe6 32. Kf1 Kf8 33. Kf2 Ke8 34.
Qh1 Kd7 35. Bc1 Nc4 36. Bxc4 dxc4 37. Qh4 Qe7 38. Qf4 Qf6 39. g4 Nd6 40. Bd2
Qh4+ 41. Kg2 fxg4 42. fxg4 Qe7 43. Kf3 Qe6 44. Be3 Qd5+ 45. Ke2 Qxa5 46. Qf8 Qd5
47. Qg7+ Kc6 48. Qxh7 Qg2+ 49. Ke1 Qg3+ 50. Bf2 Qxc3+ 51. Kf1 Qh3+ 52. Ke1 Qh1+
53. Ke2 Qe4+ 54. Kf1 Qxg4 55. d5+ Kxd5 56. Qg8+ Ke4 57. h7 Qd1+ 58. Kg2 Qf3+ 59.
Kg1 Qg4+ 60. Kf1 Qd1+ 61. Kg2 Qf3+ 62. Kg1 Qg4+ 63. Kf1 Qd1+ 64. Kg2 Qf3+ 1/2-1/2

[Event "TCh-HUN 2012-13"]
[Site "Budapest HUN"]
[Date "2012.12.02"]
[Round "5"]
[White "Somlai,L"]
[Black "Bodiroga,P"]
[Result "0-1"]
[BlackTitle "IM"]
[WhiteElo "2353"]
[BlackElo "2394"]
[WhiteTeam "BEAC I."]
[BlackTeam "MLTC"]
[WhiteFideId "700495"]
[BlackFideId "915700"]
[EventDate "2012.09.16"]
[EventType "team-tourn"]

1. e4 c6 2. d4 d5 3. Nc3 dxe4 4. Nxe4 Bf5 5. Nc5 b6 6. Nb3 e6 7. Nf3 Bd6 8. g3
Ne7 9. Bg2 h6 10. O-O O-O 11. Qe2 Nd7 12. c4 Qc7 13. Nbd2 Nf6 14. b3 Rad8 15.
Bb2 Rfe8 16. Rfe1 Ng6 17. Rac1 c5 18. dxc5 Bxc5 19. Bxf6 gxf6 20. Ne4 Bxe4 21.
Qxe4 f5 22. Qc2 Rd7 23. Rcd1 Red8 24. Rxd7 Rxd7 25. Rd1 Qd8 26. Rxd7 Qxd7 27.
Bf1 Qc6 28. Qd3 Qe4 29. Be2 a5 30. Kf1 Qa8 31. Bd1 Qf8 32. Qd7 Qg7 33. Qd2 Qa1
34. Kg2 Kg7 35. h4 Ne7 36. Ng1 Bb4 37. Qc2 f4 38. Ne2 fxg3 39. Nxg3 Ng6 40. Nh5+
Kf8 41. Qd3 Ke7 42. Kh3 Bd6 43. Qf3 Qe5 44. Ng3 f5 45. h5 Nf4+ 46. Kh2 Qd4 47.
Be2 Nxh5 48. Kg2 Bxg3 49. fxg3 Nf6 50. Qb7+ Nd7 51. Bf3 Qd2+ 52. Kh3 Kf6 53. Qc8
Kf7 54. Qc7 Kg6 55. Qd8 Qd6 56. Qg8+ Kf6 57. Qh8+ Ke7 58. Qxh6 Qe5 59. Qh7+ Kd6
60. Qg8 Qe3 61. Qa8 f4 62. Qc6+ Ke7 63. gxf4 Qxf4 64. Qb7 Qh6+ 65. Kg2 Qd2+ 66.
Kg3 Qxa2 67. Bc6 Qxb3+ 68. Kg2 Qc2+ 69. Kg1 Qc1+ 70. Kh2 Qd1 71. Bxd7 Qxd7 72.
Qa6 Qc6 73. Kg3 Kd6 74. Kf4 Kc5 75. Ke3 Kb4 76. Kd4 Qc5+ 77. Kd3 e5 0-1

[Event "TCh-HUN 2012-13"]
[Site "Budapest HUN"]
[Date "2012.12.02"]
[Round "5"]
[White "Sipos,I"]
[Black "Dencsi,T"]
[Result "1-0"]
[WhiteTitle "IM"]
[BlackTitle "FM"]
[WhiteElo "2459"]
[BlackElo "2338"]
[WhiteTeam "MLTC"]
[BlackTeam "BEAC I."]
[WhiteFideId "720631"]
[BlackFideId "724777"]
[EventDate "2012.09.16"]
[EventType "team-tourn"]

1. c4 e5 2. Nc3 Nf6 3. Nf3 Nc6 4. e4 Bb4 5. d3 d6 6. a3 Ba5 7. h3 Ne7 8. b4 Bb6
9. Na4 O-O 10. Bb2 Re8 11. Nxb6 axb6 12. g3 Ng6 13. Bg2 h6 14. Qd2 Be6 15. O-O
Qd7 16. Kh2 Nh7 17. Ng1 c5 18. Rae1 Rad8 19. Qe3 Qc7 20. f4 exf4 21. gxf4 f5 22.
exf5 Bxf5 23. Qxe8+ Rxe8 24. Rxe8+ Kf7 25. Re3 Nf6 26. Nf3 Nh5 27. Nd4 Nh4 28.
Nxf5 Nxf5 29. Ree1 Qd8 30. Bf3 Qh4 31. Bg4 Qg3+ 32. Kh1 g6 33. Bc3 Ne3 34. Rg1
Qf2 35. Re2 Ng3+ 36. Rxg3 Qxg3 37. Be1 1-0

[Event "TCh-HUN 2012-13"]
[Site "Budapest HUN"]
[Date "2012.12.02"]
[Round "5"]
[White "Kerek,C"]
[Black "Aczel,G"]
[Result "1/2-1/2"]
[WhiteElo "2359"]
[BlackElo "2431"]
[WhiteTeam "BEAC I."]
[BlackTeam "MLTC"]
[WhiteFideId "707570"]
[BlackFideId "727709"]
[EventDate "2012.09.16"]
[EventType "team-tourn"]

1. d4 Nf6 2. c4 e6 3. Nf3 c5 4. d5 b5 5. dxe6 fxe6 6. cxb5 d5 7. e3 Bd6 8. Be2
O-O 9. O-O Bb7 10. Nbd2 Qc7 11. Nb3 e5 12. Ng5 Re8 13. f4 c4 14. Nd2 h6 15. Nh3
e4 16. Nb1 Nbd7 17. Bd2 Nc5 18. Bc3 Nfd7 19. Bh5 Rf8 20. Na3 Nd3 21. Nc2 Bc5 22.
Nd4 Nf6 23. Bg6 Bc8 24. f5 Bd6 25. g3 Bxg3 26. Qe2 Be5 27. Kh1 Bd7 28. Ne6 Bxe6
29. fxe6 Bxc3 30. bxc3 Qe5 31. Bf7+ Kh8 32. Nf4 Nxf4 33. Rxf4 Qxc3 34. Raf1 Rxf7
35. exf7 Qd3 36. Qf2 Qc3 37. Qh4 Kh7 38. Rxf6 gxf6 39. Rxf6 Qc1+ 40. Kg2 Qd2+
41. Rf2 Qc3 42. Qh5 Rf8 43. Qxd5 Qxe3 44. Qxc4 Qg5+ 45. Kh1 Qg6 46. Qd4 Rxf7 47.
Rxf7+ Qxf7 48. Qxe4+ Kh8 49. Qd4+ Kh7 50. Qd3+ Kh8 51. a4 Qf6 52. Kg2 Qg5+ 53.
Kf3 Qh5+ 54. Ke4 Qh4+ 55. Kd5 Qxh2 56. Qd4+ Kg8 57. Qxa7 Qg2+ 58. Kd6 Qg3+ 59.
Kc6 Qf3+ 60. Kb6 h5 61. Qb8+ Kf7 62. Qc7+ Kg8 63. a5 Qf2+ 64. Kb7 h4 65. a6 Qf3+
66. Ka7 Qe3+ 67. b6 h3 68. Ka8 Qe8+ 69. Ka7 Qe3 70. Qd6 Kg7 71. Ka8 Qe8+ 72. Ka7
Qe3 73. Ka8 Qe8+ 74. Qb8 Qxb8+ 75. Kxb8 h2 76. a7 h1=Q 77. a8=Q Qh2+ 78. Ka7
Qa2+ 1/2-1/2

[Event "TCh-HUN 2012-13"]
[Site "Budapest HUN"]
[Date "2012.12.02"]
[Round "5"]
[White "Horvath,Dav"]
[Black "Grimm,D"]
[Result "0-1"]
[WhiteTitle "IM"]
[WhiteElo "2386"]
[BlackElo "2151"]
[WhiteTeam "MLTC"]
[BlackTeam "BEAC I."]
[WhiteFideId "704890"]
[BlackFideId "740080"]
[EventDate "2012.09.16"]
[EventType "team-tourn"]

1. c4 Nf6 2. d4 g6 3. Nc3 Bg7 4. e4 d6 5. Nge2 O-O 6. Ng3 e5 7. d5 a5 8. Be2 Na6
9. h4 c6 10. Be3 Nc5 11. h5 cxd5 12. cxd5 Bd7 13. f3 a4 14. Qd2 Qa5 15. Nb1 Qc7
16. Na3 Rab8 17. Rc1 b5 18. Nc2 Qb7 19. Nb4 Rbc8 20. O-O Nxh5 21. Nxh5 gxh5 22.
Nd3 Nxd3 23. Bxd3 h4 24. Qb4 Qb8 25. Rc3 h3 26. g4 h5 27. g5 f6 28. g6 Rxc3 29.
bxc3 Qe8 30. Kh1 f5 31. Qxd6 Rf6 32. Qc7 Qxg6 33. Rg1 Qf7 34. Qxe5 Rg6 35. Qb8+
Kh7 36. exf5 Bxf5 37. Qf4 Rf6 38. Rxg7+ Kxg7 39. Bxf5 Rxf5 40. Qh6+ Kg8 41. Bd4
Qh7 42. Qe6+ Rf7 43. Qe5 Qb1+ 44. Kh2 Qc2+ 45. Kg3 h4+ 46. Kxh3 Qf5+ 47. Qxf5
Rxf5 48. d6 Kf7 49. Kg4 Rd5 50. Bf2 Rxd6 51. Bc5 Rd3 52. Bb4 h3 53. Kxh3 Rxf3+
54. Kg4 Rf2 55. a3 Ke6 56. Kg3 Rf7 0-1

[Event "TCh-HUN 2012-13"]
[Site "Budapest HUN"]
[Date "2012.12.02"]
[Round "5"]
[White "Bali,J"]
[Black "Karolyi,T jr"]
[Result "1/2-1/2"]
[BlackTitle "IM"]
[WhiteElo "2260"]
[BlackElo "2346"]
[WhiteTeam "BEAC I."]
[BlackTeam "MLTC"]
[WhiteFideId "702161"]
[BlackFideId "700312"]
[EventDate "2012.09.16"]
[EventType "team-tourn"]

1. d4 d5 2. c4 dxc4 3. e3 e5 4. Bxc4 exd4 5. exd4 Nf6 6. Nc3 Bd6 7. h3 O-O 8.
Nf3 Qe7+ 9. Qe2 Qxe2+ 10. Kxe2 c6 11. Rd1 1/2-1/2

[Event "TCh-HUN 2012-13"]
[Site "Budapest HUN"]
[Date "2012.12.02"]
[Round "5"]
[White "Zsinka,L"]
[Black "Kerek,K"]
[Result "0-1"]
[WhiteTitle "IM"]
[WhiteElo "2272"]
[BlackElo "2291"]
[WhiteTeam "MLTC"]
[BlackTeam "BEAC I."]
[WhiteFideId "700517"]
[BlackFideId "707562"]
[EventDate "2012.09.16"]
[EventType "team-tourn"]

1. d4 Nf6 2. c4 g6 3. Nc3 Bg7 4. e4 d6 5. f3 O-O 6. Be3 c5 7. Nge2 Nc6 8. d5 Ne5
9. Ng3 h5 10. Be2 h4 11. Nf1 e6 12. Bg5 h3 13. g4 exd5 14. Nxd5 Be6 15. Ng3 Bxd5
16. cxd5 b5 17. O-O Qb6 18. Qd2 Kh7 19. Rac1 a5 20. Kh1 c4 21. Be3 Qb7 22. g5
Nfd7 23. f4 Nd3 24. Bxd3 cxd3 25. Qxd3 Bxb2 26. Rb1 Bg7 27. Rxb5 Qa6 28. a4 Rac8
29. Ne2 Nc5 30. Bxc5 Rxc5 31. Qxh3+ Kg8 32. Rfb1 Rc2 33. Qe3 Qc8 34. e5 dxe5 35.
fxe5 Qg4 36. Nf4 Bxe5 37. Qe4 Rxh2+ 38. Kxh2 Bxf4+ 39. Kh1 Qh3+ 0-1

[Event "TCh-HUN 2012-13"]
[Site "Nagykanizsa HUN"]
[Date "2012.12.02"]
[Round "5"]
[White "Jovanovic,Zo CRO"]
[Black "Balogh,C"]
[Result "1/2-1/2"]
[WhiteTitle "GM"]
[BlackTitle "GM"]
[WhiteElo "2516"]
[BlackElo "2668"]
[WhiteTeam "Dunaharaszti MTK"]
[BlackTeam "Aquaprofit-NTSK"]
[WhiteFideId "14505320"]
[BlackFideId "718939"]
[EventDate "2012.09.16"]
[EventType "team-tourn"]

1. e4 c5 2. Nf3 e6 3. d4 cxd4 4. Nxd4 a6 5. c4 Nf6 6. Nc3 Qc7 7. a3 b6 8. Bd3
Bb7 9. O-O Be7 10. Qe2 d6 11. f4 g6 12. Bd2 Nbd7 13. Rae1 O-O 14. Nf3 Rfe8 15.
Kh1 Rad8 16. Qf2 Bf8 17. Qg3 Bg7 18. Qh3 Nc5 19. Bc2 d5 20. exd5 exd5 21. cxd5
Nxd5 22. f5 Rxe1 23. Rxe1 Nxc3 24. Bxc3 Bxc3 25. bxc3 Qf4 26. Qg3 Qxg3 27. hxg3
Bxf3 28. gxf3 Rd2 29. Be4 Kg7 30. c4 Nxe4 31. fxe4 gxf5 32. exf5 Kf6 33. Rb1 Rd6
34. Kg2 Kxf5 35. Rh1 Rd2+ 36. Kh3 Ke5 37. Rf1 f5 38. Re1+ Kd6 39. Rf1 Ke6 40.
Re1+ Kf6 41. Re8 Rd3 42. a4 a5 43. Rb8 Rd6 44. Rb7 Rc6 45. Rxh7 Rxc4 46. Rh6+
Ke5 47. Rxb6 Rxa4 48. Ra6 Ra3 49. Kh4 f4 50. g4 Ra1 51. g5 Kf5 52. Rf6+ Ke4 53.
Re6+ Kf3 54. g6 Rg1 55. Kh5 Kf2 56. Ra6 1/2-1/2

[Event "TCh-HUN 2012-13"]
[Site "Nagykanizsa HUN"]
[Date "2012.12.02"]
[Round "5"]
[White "Farago,I"]
[Black "Pinter,J"]
[Result "1/2-1/2"]
[WhiteTitle "GM"]
[BlackTitle "GM"]
[WhiteElo "2486"]
[BlackElo "2547"]
[WhiteTeam "Dunaharaszti MTK"]
[BlackTeam "Aquaprofit-NTSK"]
[WhiteFideId "700134"]
[BlackFideId "700045"]
[EventDate "2012.09.16"]
[EventType "team-tourn"]

1. Nf3 Nf6 2. g3 d5 3. Bg2 c5 4. O-O Nc6 5. d4 e6 6. c4 dxc4 7. Qa4 Bd7 8. Qxc4
b5 9. Qd3 Rc8 10. dxc5 Bxc5 11. Nc3 a6 12. Bg5 Nb4 13. Qd2 Bc6 14. Qxd8+ Rxd8
15. a3 Nbd5 16. Nxd5 Bxd5 17. Rac1 1/2-1/2

[Event "TCh-HUN 2012-13"]
[Site "Nagykanizsa HUN"]
[Date "2012.12.02"]
[Round "5"]
[White "Banusz,T"]
[Black "Popovics,A"]
[Result "1-0"]
[WhiteTitle "GM"]
[BlackTitle "FM"]
[WhiteElo "2583"]
[BlackElo "2423"]
[WhiteTeam "Aquaprofit-NTSK"]
[BlackTeam "Dunaharaszti MTK"]
[WhiteFideId "722413"]
[BlackFideId "721506"]
[EventDate "2012.09.16"]
[EventType "team-tourn"]

1. c4 Nf6 2. Nf3 c5 3. Nc3 Nc6 4. d4 cxd4 5. Nxd4 e6 6. a3 Be7 7. e4 O-O 8. Nf3
Qa5 9. Bd3 d5 10. O-O dxc4 11. Bxc4 a6 12. Qe2 Bd6 13. h3 Ne5 14. Nxe5 Bxe5 15.
Bd2 Qb6 16. Be3 Qc7 17. Rac1 Bd7 18. Bd3 Bc6 19. f4 Bxc3 20. Rxc3 Qd7 21. Rd1
Rfd8 22. Bb6 Re8 23. Bb1 Qe7 24. Kh2 Nd7 25. Bc7 Ba4 26. b3 Bb5 27. Qd2 Rac8 28.
a4 Bc6 29. Bd6 Qh4 30. e5 f5 31. a5 h6 32. Rdc1 Red8 33. b4 Nf8 34. Ba2 Re8 35.
Bc4 Rcd8 36. g3 Qh5 37. Be2 Qf7 38. Bxa6 g5 39. Be2 1-0

[Event "TCh-HUN 2012-13"]
[Site "Nagykanizsa HUN"]
[Date "2012.12.02"]
[Round "5"]
[White "Flumbort,A"]
[Black "Lorand,N"]
[Result "1/2-1/2"]
[WhiteTitle "GM"]
[BlackTitle "FM"]
[WhiteElo "2503"]
[BlackElo "2320"]
[WhiteTeam "Aquaprofit-NTSK"]
[BlackTeam "Dunaharaszti MTK"]
[WhiteFideId "717274"]
[BlackFideId "734616"]
[EventDate "2012.09.16"]
[EventType "team-tourn"]

1. d4 Nf6 2. c4 e6 3. g3 d5 4. Bg2 a6 5. Nd2 Be7 6. Ngf3 O-O 7. O-O Nbd7 8. b3
b6 9. cxd5 exd5 10. Bb2 Bb7 11. Ne5 c5 12. Ndc4 Nxe5 13. Nxe5 Nd7 14. Nd3 b5 15.
Nf4 Nb6 16. dxc5 Bxc5 17. Rc1 Qd6 18. Nh5 f6 19. e4 Rf7 20. Qg4 d4 21. Nxf6+
Rxf6 22. e5 Qxe5 23. Bxb7 Rd8 24. Rfe1 Qd6 25. Qh5 Nd7 26. Qd5+ Kh8 27. Qxd6
Rxd6 28. Re7 h6 29. Be4 Bb4 30. Rc7 Nf6 31. Bf3 Ne8 32. Rb7 Rf6 33. Rf7 Kg8 34.
Rxf6 Nxf6 35. a3 Bc3 36. Bxc3 dxc3 37. Rc7 Rd3 38. Kg2 c2 1/2-1/2

[Event "TCh-HUN 2012-13"]
[Site "Nagykanizsa HUN"]
[Date "2012.12.02"]
[Round "5"]
[White "Vegh,E"]
[Black "Medvegy,Z"]
[Result "1-0"]
[WhiteTitle "IM"]
[BlackTitle "GM"]
[WhiteElo "2291"]
[BlackElo "2561"]
[WhiteTeam "Dunaharaszti MTK"]
[BlackTeam "Aquaprofit-NTSK"]
[WhiteFideId "700568"]
[BlackFideId "708402"]
[EventDate "2012.09.16"]
[EventType "team-tourn"]

1. d4 Nf6 2. c4 e6 3. Nc3 Bb4 4. Qc2 d5 5. cxd5 Qxd5 6. e3 c5 7. Bd2 Bxc3 8.
Bxc3 cxd4 9. Bxd4 Nc6 10. Bc3 Bd7 11. Nf3 Rc8 12. a3 Ne7 13. Rd1 Qa2 14. e4 Ng6
15. h4 h5 16. g3 a6 17. Bd3 Bb5 18. Bxb5+ axb5 19. Bxf6 1-0

[Event "TCh-HUN 2012-13"]
[Site "Nagykanizsa HUN"]
[Date "2012.12.02"]
[Round "5"]
[White "Bodo,No1"]
[Black "Pirisi,G"]
[Result "1-0"]
[WhiteTitle "FM"]
[BlackTitle "IM"]
[WhiteElo "2435"]
[BlackElo "2268"]
[WhiteTeam "Aquaprofit-NTSK"]
[BlackTeam "Dunaharaszti MTK"]
[WhiteFideId "707350"]
[BlackFideId "700444"]
[EventDate "2012.09.16"]
[EventType "team-tourn"]

1. Nf3 Nf6 2. c4 g6 3. Nc3 Bg7 4. g3 O-O 5. Bg2 d6 6. O-O c5 7. d4 Nc6 8. dxc5
dxc5 9. Bf4 Be6 10. Ne5 Nxe5 11. Bxe5 Qa5 12. Qc2 Bxc4 13. Bxb7 Rad8 14. Rfd1
Be6 15. Bf3 c4 16. Bf4 Nd5 17. Nxd5 Bxd5 18. Bxd5 Rxd5 19. Qxc4 Rxd1+ 20. Rxd1
Bxb2 21. Rd7 Bf6 22. Bh6 Rb8 23. Qc7 Qxc7 24. Rxc7 Ra8 25. a4 e6 26. Be3 a6 27.
Kg2 Kf8 28. h4 Ke8 29. Rb7 Be7 30. Kf3 h5 31. Bg5 f6 32. Be3 Bf8 33. Rh7 Rc8 34.
Ra7 Rc6 35. a5 Bb4 36. Bb6 Rc3+ 37. Kg2 Rc2 38. Rxa6 Rxe2 39. Ra8+ Kd7 40. a6
Kc6 41. Be3 Ra2 42. a7 Ra6 43. Rd8 1-0